| 000 | 00438nam a2200181Ia 4500 | ||
|---|---|---|---|
| 001 | 4766 | ||
| 005 | 20260306145819.0 | ||
| 008 | 260306t2010||||xx |||||||||||||| ||spa|| | ||
| 041 | _aESP | ||
| 082 |
_a330.015195 _bW81 2010 |
||
| 100 |
_aWooldridge, Jeffrey M. _eAUT |
||
| 245 | 0 | _aIntroducción a la econometrÃa, un enfoque moderno | |
| 260 | _c2010 | ||
| 300 |
_a _c |
||
| 650 | _aGEN | ||
| 654 | _aCAN | ||
| 942 |
_cLIB _dJUS _fJUS _2ddc _n |
||
| 999 |
_c4766 _d4766 |
||